000 00930nam a22002417a 4500
005 20120503110221.0
008 120503t xxu||||| |||| 00| 0 eng d
010 _aENG-105189
020 _a9788182093102
_c300.00
020 _a8182093104
_c300.00
035 _aEN-88722
037 _bDBAD/PUB
040 _aDPL
_bEng
082 _a621.3815
100 _aKorah, Reeba
_916472
245 _aElectric circuits and electron devices /
_cby Reeba Korah [and] Aby K. Thomas
260 _aNoida
_bVijay Nicole Imprints in collaboration with Tata McGraw Hill
_c2012
270 _aB-4, Sector-63, Dist. Gautam Budh Nagar
_bNoida
_e201301
300 _avarious pagings :
_c24cm(pbk)
_bill.
700 _aThomas, Aby K.
_946248
942 _2ddc
_cEN
_mKOR
_h621.3815
999 _c66032
_d66032